| 000 | 00750cab a2200229 4500 | ||
|---|---|---|---|
| 001 | WB3305-17 | ||
| 008 | 090401t1997 xxu||||| |||| 00| 0 eng d | ||
| 035 | _a(Sirsi) u39188 | ||
| 041 | _aeng | ||
| 245 | _aInvestors wary | ||
| 260 | _c1997 | ||
| 350 | _a0 | ||
| 490 |
_aProperty Week _v58(3) 24 January 1997, 6(1) |
||
| 520 | _aA Richard Ellis survey of international investors and bankers shows that investors are wary of using securitised vehicles - with only 28% prepared to invest in property by indirect means. | ||
| 650 | _aPROPERTY INVESTMENT | ||
| 650 | _aPROPERTY SECURITISATION | ||
| 650 | _aCBRE | ||
| 650 | _aSECURITISED VEHICLES | ||
| 690 | _aPROPERTY-PROPERTY FINANCE AND INVESTMENT | ||
| 942 | _n0 | ||
| 948 | _c04/03/1997 | ||
| 999 |
_c25144 _d25144 |
||